1484 1346 1561 1766 1514 1719 1166 1387 1004 1240 1186 1700 1613 1025 1372 1508 1873 1509 1263 1462 1043 1865 1840 1227 1140 1157 1135 1881 1003 1227 1358 1232 1590 1664 1016 1630 1307 1269 1746 1992 1966 1213 1007 1850 2000 1388 1813 1588 1362 1256 1378 1439 1381 1833 1205 1013 1975 1271 1321 1993 1198 1678 1000 1414 1518 1742 1557 1582 1889 1065 1239 1264 1305 1195 1657 1946 1568 1867 1890 1932 1952 1303 1853 1447 1300 1835 1591 1754 1635 1523 1136 1146 1092 1273 1294 1388 1877 1756 1577 BCNSPRNW ULIB Ver.6.0+V

เปลี่ยนเป็นภาษาไทย

Change to English
 แสดงรายละเอียดบรรณานุกรม
  กลับหน้าหลัก

Brief Record : Get Marc (ISO 2709) : E-mail record : QR code < ปิดหน้าต่าง
LEADER : 00000nam 2200000uu 4500
001    13399128638
003     ULIB
008    230925s2558||||th 000 0 tha d
020    ^a9786167510613
050  4 ^aBF698.8.S64^bพ876ห
100 0  ^aเพชรยุพา บูรณ์สิริจรุงรัฐ
245 10 ^aหลักการพัฒนาความฉลาดทางสังคม /^cเพชรยุพา บูรณ์สิริจรุงรัฐ
246 34 ^aStrategies for the development of social intelligence
250    ^aพิมพ์ครั้งที่ 1
260    ^aกรุงเทพฯ :^bเฌ.เดียมอง,^c2558
300    ^a247 หน้า :^bภาพประกอบ ;^c25 ซม.
490 1  ^aชุด เพื่อการศึกษา (พัฒนาทรัพยากรมนุษย์) ;^vลำดับที่ 2
505 2  ^aที่มาและความสำคัญของความฉลาดทางสังคม --แนวคิดและทฤษฎีความฉลาดทางสังคม -- องค์ประกอบของความฉลาดทางสังคม-- ทฤษฎีและการวัดค่าความฉลาดทางสังคม --การศึกษาองค์ประกอบของความฉลาดทางสังคม (social intelligence)ของ Albrecht (2006) --แนวคิดและทฤษฎีที่เกี่ยวกับพัฒนาการและการดำเนินชีวิตในสังคม --ความฉลาดทางสังคมด้านประสาทวิทยา --ความฉลาดทางสังคมกับจิตตปัญญาศึกษา --หลักการพัฒนาความฉลาดทางสังคมต้องรู้จิตของตนจนเกิดปัญญา --หลักการพัฒนาความฉลาดทางสังคมกับความรู้แบบใหม่ในองค์การ --การสร้างองค์ความรู้ใหม่เพื่อการพัฒนาความฉลาดทางสังคม --การศึกษาธรรมชาติของมนุษย์ตามหลักพุทธศาสนาสอดคล้องกับทฤษฎีความฉลาดทางสังคม (social intelligence) --ความฉลาดทางสังคมสอดคล้องกับปรัชญาเศรษฐกิจพอเพียง
650  0 ^aEmotional intelligence
650  4 ^aความฉลาดทางอารมณ์
650  4 ^aความฉลาดทางสังคม
650  4 ^aSocial intelligence
830  0 ^aชุด เพื่อการศึกษา (พัฒนาทรัพยากรมนุษย์) ;^vลำดับที่ 2
945    ^p250^l0^i29912
945    ^p250^l0^i29913
999    ^aกัณชพร จุลอักษร
รายการนี้ยังไม่มีแท็ก
คุณยังไม่ได้ล็อกอิน คุณสามารถมีกิจกรรมร่วมกับเว็บไซต์ได้ แต่ต้องล็อกอินก่อน ::
  ล็อกอิน

รายการสื่อสารสนเทศ

ลำดับที่ ประเภท เลขเรียก/บาร์โค้ด สถานที่ สถานะ
1. หนังสือสำรอง
หนังสือสำรอง
BF698.8.S64 พ876ห ฉ.1 
  Barcode: 29912
ห้องสมุดวิทยาเขตนครสวรรค์
►หนังสือทั่วไป:l:General Books
บนชั้น
2. วิทยาศาสตร์การแพทย์ และสุขภาพ
วิทยาศาสตร์การแพทย์ และสุขภาพ
BF698.8.S64 พ876ห ฉ.2 
  Barcode: 29913
ห้องสมุดวิทยาเขตนครสวรรค์
►หนังสือทั่วไป:l:General Books
บนชั้น

รายการใกล้เคียง
    ผู้แต่ง [เพชรยุพา บูรณ์สิริจรุงรัฐ]

    หัวเรื่อง [Emotional intelligence]
    หัวเรื่อง [ความฉลาดทางอารมณ์]
    หัวเรื่อง [ความฉลาดทางสังคม]
    หัวเรื่อง [Social intelligence]

BibComment


ยังไม่เคยถูกคอมเมนท์

คอมเมนท์ทรัพยากรรายการนี้
  คอมเมนท์: หลักการพัฒนาความ..


 Copyright 2026. Bcnsprnw @Library